Responses for show #5230 - Friday, May 11, 2007

2007 College Championship final game 2.
From the University of Southern California.

Contestants

Craig Boge, a senior from Stanford University (subtotal of $16,000)

Christine Kennedy, a freshman from the University of Notre Dame (subtotal of $3,200)

Cliff Galiher, a sophomore from UCLA (subtotal of $18,100)

Jeopardy! Round responses

PICTURE AMERICA
COLLEGE EDUCATION
WRITTEN BY
INCREDIBLE EDIBLES
ON BROADWAY
WORD ORIGINS
    $200 22
Robert Kennedy

Cliff
    $200 2
the summer session

Craig
    $200 10
(William) Shakespeare

Cliff
    $200 16
the whale

Craig
    $200 1
(Richard) Nixon

Craig
    $200 30
vertebrae

Cliff
    $400 23
the Rotunda

Cliff
    $400 3
Classics

Christine
    $400 11
(F. Scott) Fitzgerald

Cliff
    $400 17
rice

Craig
    $400 4
a spelling bee

Craig
    $400 29
an opinion

Cliff
    $600 24
the Supreme Court

Cliff
    $600 5
(Cliff: What is a gift box?)

a carrel

CliffChristine
    $600 12
(William) Wordsworth

Christine
    $600 18
eel

Craig
    $600 6
Wicked

Cliff
    $600 26
the reptile

Triple Stumper
    $800 21
the 1940s

Christine
    $800 8
a prerequisite

Craig
    $800 14
(Jane) Austen

Craig
    $800 19
swans

Cliff
    $800 7
tennis

Craig
    $800 27
(Alex: Related to "puddle".)

the poodle

Triple Stumper
    $1000 25
(Craig: Who is, uh, Adlai Stevenson?)

(Hubert) Humphrey

CliffCraig
    $1000 9
extension (outreach later accepted)

Cliff
    $1000 15
Norman Mailer

Triple Stumper
    $1000 20
the head

Cliff
    $1000 13
Talk Radio

Triple Stumper
    $1,000 28
(Cliff: Considering how this category's going, I'll wager...)

eponymous

Cliff

Scores at the first commercial break (after clue 15):

Cliff Christine Craig
$1,600 $1,600 $3,200

Scores at the end of the Jeopardy! Round:

Cliff Christine Craig
$7,200 $2,400 $3,400

Double Jeopardy! Round responses

THEY'RE FROM USC
"D" IN SCIENCE
LIBRARIES
THE FRENCH REVOLUTION
FACTS & FIGURES
11-LETTER WORDS
    $400 7
Entertainment Tonight

Craig
    $400 2
(Alex: That's the "D"!)

dissections

Craig
    $400 1
Einstein

Craig
    $400 30
the Bastille

Cliff
    $400 29
(Hurricane) Katrina

Cliff
    $400 12
abbreviated

Cliff
    $800 8
(George) Orwell

Cliff
    $800 3
ductility

Cliff
    $4,000 17
(Cliff: What is the New York City Library?)

the Library of Congress

Cliff
    $800 22
Marie Antoinette

Cliff
    $800 25
New Jersey

Christine
    $800 13
malpractice

Craig
    $1200 9
Sugar Ray

Craig
    $1200 4
to displace

Craig
    $1200 18
Arthur Conan Doyle

Cliff
    $1200 21
Lafayette

Craig
    $1200 26
life expectancy

Cliff
    $1200 14
legislation

Cliff
    $1600 10
(Craig: Who is John Rutter?)
...
(Alex: [*]... yes, indeed. Sorry, Craig.)

(John) Ritter

CliffCraig
    $1600 5
(Alex: And that would be [*]. Dino--the dinosaur...)
(Craig: All right.)
[Audience laughs]

dinoflagellates

Triple Stumper
    $1600 19
Nietzsche

Christine
    $1600 23
Liberty, Equality, Fraternity

Cliff
    $1600 27
the wingspan

Craig
    $1600 15
(Cliff: What is a polyhedron?)

a tetrahedron

Cliff
Triple Stumper
    $2000 11
Roots

Craig
    $2000 6
(Alex: And those would be [*]. You've heard of diatomacious earth in your pool?)

diatoms

Triple Stumper
    $2000 20
Baltimore

Cliff
    $2000 24
(Charlotte) Corday

Cliff
    $2,000 28
(Craig: What is the corona?)

the photosphere

Craig
    $2000 16
pandemonium

Cliff

Scores at the end of the Double Jeopardy! Round:

Cliff Christine Craig
$18,000 $4,800 $9,000
(lock tournament)

[wagering suggestions for these scores]

Final Jeopardy! Round responses

AMERICA
ChristineWhat is the Constitution?
$4,800
CraigWhat is the Declaration of Independence?
$2,007
CliffWhat is the U.S. constitution? GO BRUINS!
$100
the Declaration of Independence

Final scores:

Cliff Christine Craig
$17,900 $0 $11,007

Cumulative scores:

Cliff Christine Craig
$36,000 $3,200 $27,007
Tournament champion: $100,000 + a trophy 2nd runner-up: $25,000 1st runner-up: $50,000

Game dynamics:

Coryat scores:

Cliff Christine Craig
$22,000 $4,800 $11,000
27 R
(including 1 DD),
3 W
(including 1 DD)
6 R,
0 W
18 R,
3 W
(including 1 DD)

Combined Coryat: $37,800

The J! Archive is created by fans, for fans. The Jeopardy! game show and all elements thereof, including but not limited to copyright and trademark thereto, are the property of Jeopardy Productions, Inc. and are protected under law. This website is not affiliated with, sponsored by, or operated by Jeopardy Productions, Inc. Join the discussion at JBoard.tv.